Cavitation. / (Record no. 7388)
[ view plain ]
| 000 -LEADER | |
|---|---|
| fixed length control field | 00458nam a2200181Ia 4500 |
| 001 - CONTROL NUMBER | |
| control field | 7493 |
| 003 - CONTROL NUMBER IDENTIFIER | |
| control field | Ost |
| 005 - DATE AND TIME OF LATEST TRANSACTION | |
| control field | 20260507155011.0 |
| 008 - FIXED-LENGTH DATA ELEMENTS--GENERAL INFORMATION | |
| fixed length control field | 251113s9999||||xx |||||||||||||| ||eng|| |
| 040 ## - CATALOGING SOURCE | |
| Transcribing agency | nitttr |
| 041 ## - LANGUAGE CODE | |
| Language code of text/sound track or separate title | eng |
| 082 ## - DEWEY DECIMAL CLASSIFICATION NUMBER | |
| Classification number | 620.106 |
| Item number | K727C |
| 100 ## - MAIN ENTRY--PERSONAL NAME | |
| Personal name | Knapp, Robert T. |
| 245 #0 - TITLE STATEMENT | |
| Title | Cavitation. / |
| Statement of responsibility, etc. | Knapp, Robert T., Daily, James W., Hammitt, Frederick G. |
| 700 ## - ADDED ENTRY--PERSONAL NAME | |
| Personal name | Daily, James W. |
| 700 ## - ADDED ENTRY--PERSONAL NAME | |
| Personal name | Hammitt, Frederick G. |
| 942 ## - ADDED ENTRY ELEMENTS (KOHA) | |
| Koha item type | Books |
| Withdrawn status | Lost status | Damaged status | Not for loan | Home library | Current library | Date acquired | Total checkouts | Full call number | Barcode | Date last seen | Price effective from | Koha item type |
|---|---|---|---|---|---|---|---|---|---|---|---|---|
| National Institute of Technical Teachers Training & Research | National Institute of Technical Teachers Training & Research | 05/07/2026 | 620.106 K727C | 8448 | 05/07/2026 | 05/07/2026 | Books |